LEADER 01083nam a22002531i 4500 001 991001833339707536 005 20040227071739.0 008 040407s1957 fr a||||||||||||||||fre 035 $ab12830288-39ule_inst 035 $aARCHE-080990$9ExL 040 $aDip.to Scienze Storiche$bita$cA.t.i. Arché s.c.r.l. Pandora Sicilia s.r.l. 082 04$a305.51 100 1 $aDumont, Louis$0142302 245 14$aUne sous-caste de l'Inde du Sud :$borganisation sociale et religion des Pramalai Kallar /$cpar Louis Dumont 260 $aParis ;$aLa Haye :$bMouton,$c1957 300 $aVI, 460 p. :$bill. ;$c25 cm 440 3$aLe monde d'Outre-mer passé et présent / Ecole pratique des hautes études, 6. section.$nPremière série,$pEtudes ;$v1 650 4$aCaste$zIndia 907 $a.b12830288$b02-04-14$c16-04-04 912 $a991001833339707536 945 $aLE009 STOR.94-25$g1$i2009000252158$lle009$o-$pE0.00$q-$rl$s- $t0$u0$v0$w0$x0$y.i13382317$z16-04-04 996 $aSous-caste de l'Inde du Sud$9296247 997 $aUNISALENTO 998 $ale009$b16-04-04$cm$da $e-$ffre$gfr $h4$i1 LEADER 01125nam0-2200313 --450 001 9910739596903321 005 20230911145652.0 010 $a978-88-7187-061-8 100 $a20230911d2021----kmuy0itay5050 ba 101 0 $aita 102 $aIT 105 $a 001yy 200 1 $a<>amministrazione straordinaria$e[soggetti norme problemi applicativi nella tutela della continuità aziendale]$fAlessandro Danovi, Giuseppe Acciaro$gprefazione di Giancarlo Giorgetti$gintroduzione di Mario Fiorentino$gcontributi di Marco Alteri ... [et al.] 210 $aMilano$cGruppo 24 ore$d2021 215 $aXIX, 281 p.$d24 cm 300 $aComplemento di titolo presente sulla copertina 676 $a346.45078$v23$zita 700 1$aDanovi,$bAlessandro$0133117 701 1$aAcciaro,$bGiuseppe$01424616 702 1$aAlteri,$bMarco 702 1$aGiorgetti,$bGiancarlo 702 1$aFiorentino,$bMario 801 0$aIT$bUNINA$gREICAT$2UNIMARC 901 $aBK 912 $a9910739596903321 952 $aVIII M 325$b2021/2238$fFGBC 959 $aFGBC 996 $aAmministrazione straordinaria$93553986 997 $aUNINA